Responses for show #6954 - Thursday, December 4, 2014

2014 Kids Week game 4.

Contestants

Olivia Woods, a 12-year-old from Cincinnati, Ohio

Courtney Jones, a 12-year-old from Largo, Maryland

Zane Ice, a 12-year-old from West Palm Beach, Florida

Jeopardy! Round responses

CELEBS
BUSINESS & BRAND NAMES
IT'S A MYSTERY
7-LETTER WORDS
GETTING ATTACHED
PLACES, EVERYBODY
    $200 13
Derek Jeter

Triple Stumper
    $200 2
Lego

Olivia
    $200 3
his will

Zane
    $200 15
volcano

Olivia
    $200 14
Velcro

Olivia
    $200 22
Tokyo

Zane
    $400 25
Kristen Stewart

Zane
    $400 9
Android

Zane
    $400 4
Sherlock Holmes

Zane
    $400 16
reverse

Zane
    $400 20
a link

Zane
    $400 23
Austria

Courtney
    $600 26
Jaden Smith

Courtney
    $600 10
SpongeBob

Zane
    $600 5
Nancy Drew

Zane
    $600 17
wrestle

Triple Stumper
    $600 21
(Courtney: What is stone?)

bricks

CourtneyOlivia
    $600 24
the Plains

Olivia
    $800 29
(Alex: Jonas Brothers, yeah.)
[The end-of-round signal sounds.]

Kevin

Courtney
    $800 11
(Courtney: What is Vans?)

Zumiez

Courtney
Triple Stumper
    $800 6
Beautiful Creatures

Triple Stumper
    $800 18
quarter

Olivia
    $800 27
a leash

Zane
    $800 8
Qu├ębec

Courtney
    $1000 12
Beats

Courtney
    $200 7
(Zane: I don't know.)

The Maze Runner

Zane
    $1000 19
zoology

Zane
    $1000 28
bonding

Zane
    $1000 1
Harlem

Courtney

Scores at the first commercial break (after clue 14):

Zane Courtney Olivia
$2,000 $2,000 $400

Scores at the end of the Jeopardy! Round:

Zane Courtney Olivia
$6,200 $3,200 $2,600

Double Jeopardy! Round responses

OBOE LESSONS
U.S. LANDMARKS
"N"TERTAINMENT
REMEMBER THE PAST?
IT'S RAINING
CATS & DOGS
    $400 8
the Grand Canyon

Zane
    $400 2
Nickelodeon

Zane
    $400 13
the United Nations

Zane
    $400 1
a rain dance

Courtney
    $400 21
(Zane: What is terrier?)

sheepdog

Zane
Triple Stumper
    $800 9
the Gateway Arch

Courtney
    $800 3
(Courtney: Who is Jupiter?)
(Olivia: Who is Zeus?)

Neptune

CourtneyOlivia
Triple Stumper
    $800 14
Mercury

Triple Stumper
    $800 7
(Olivia: What is the New Year's parade?)
(Courtney: What is the Rose Bowl?)

the Rose Parade

CourtneyOlivia
Triple Stumper
    $800 22
(Alex: [*] is right with less than a minute to go.)

wolf

Zane
    $1200 28
[The end-of-round signal sounds.]

the English horn

Triple Stumper
    $1200 10
Independence Hall

Zane
    $1200 4
Niall

Zane
    $1200 15
Russia

Courtney
    $1200 18
India

Zane
    $1200 23
the Egyptians

Courtney
    $1600 27
tuning up

Triple Stumper
    $1600 11
Grand Central Station

Courtney
    $1600 5
NIMH

Triple Stumper
    $2,201 16
the euro

Courtney
    $1600 19
a rain gauge

Triple Stumper
    $1600 24
a tail

Courtney
    $2000 26
the reed

Courtney
    $2000 12
Carlsbad Caverns

Triple Stumper
    $2000 6
the next big thing

Courtney
    $2000 17
Scotland

Zane
    $1,000 20
nimbus

Zane
    $2000 25
Doberman

Zane

Scores at the end of the Double Jeopardy! Round:

Zane Courtney Olivia
$16,400 $14,601 $1,000

[wagering suggestions for these scores]

Final Jeopardy! Round responses

TOY BRANDS
OliviaWhat is Playdoh?
$1,000
CourtneyWhat is Mattel?
$5,399
ZaneWhat is Play-Doh?
$12,803
Play-Doh

Final scores:

Zane Courtney Olivia
$29,203 $9,202 $2,000
Winner: $29,203 2nd place: $2,000 3rd place: $1,000

Game dynamics:

Coryat scores:

Zane Courtney Olivia
$17,600 $14,000 $1,000
22 R
(including 1 DD),
2 W
(including 1 DD)
15 R
(including 1 DD),
4 W
6 R,
2 W

Combined Coryat: $32,600

The J! Archive is created by fans, for fans. The Jeopardy! game show and all elements thereof, including but not limited to copyright and trademark thereto, are the property of Jeopardy Productions, Inc. and are protected under law. This website is not affiliated with, sponsored by, or operated by Jeopardy Productions, Inc. Join the discussion at JBoard.tv.